000 00408nab a2200145Ia 4500
003 ES-SlBCS
005 20210601134032.0
008 140529s1955 xxu||||| |||| 00| 0 por d
041 _apor
100 1 _aLiberato, Irmäo
_9212704
245 0 2 _aA Universidade Alema
_c Irmäo Liberato
610 2 4 _aUniversidad Alemana
_9159007
773 0 _tVeritas
_gvol. 1, nº. 1, 1955, págs. 86-104
_wRev488
942 _cAR
999 _c606015
_d606015